LEADER 01707nam1 22003853i 450 001 CFI0477166 005 20231121125453.0 020 $aIT$bS8-1919 100 $a20211015e19741731||||0itac50 ba 101 | $aita 102 $ait 181 1$6z01$ai $bxxxe 182 1$6z01$an 200 1 $aVerona illustrata$fScipione Maffei 210 $aBologna$cL'archivio$a[Verona]$cCassa di risparmio di Verona, Vicenza e Belluno$d1974-1975 215 $a2 volumi$cill.$d35 cm$e3 carte di tav 300 $aRiporduzione facsimilare dell'ed.: in Verona, per Jacopo Vallarsi e Pierantonio Berno, 1731-1732 300 $aRistampa fotolitografica eseguita per conto della Cassa di Risparmio di Verona Vicenza e Belluno 300 $aIn custodia 463 1$1001IEI0616239$12001 $a˜[2]: œIndice dei nomi e dei luoghi$f a cura di Alfonsa Marzotto Giusti$gcon una nota introduttiva di Licisco Magagnato$v2 500 10$aVerona illustrata.$3PUVE003495$9CFIV080201$91389707 606 $aVerona$xStoria$2FIR$3CFIC019215$9I 676 $a945.34$9STORIA. VERONA (PROV.)$v22 700 1$aMaffei$b, Scipione$3CFIV080201$4070$0135203 790 1$aBrenteatico$b, Orillo$3MUSV010487$zMaffei, Scipione 790 1$aPindemonte$b, Desiderato$3SBNV014599$zMaffei, Scipione 801 3$aIT$bIT-01$c20211015 850 $aIT-FR0017 899 $aBiblioteca umanistica Giorgio Aprea$bFR0017 912 $aCFI0477166 950 1$aBiblioteca umanistica Giorgio Aprea$d 52DGA S 316.2$d 52DGA S 316.1$e 52SBA0000269395 VMB RS $fC $h20211015$i20211015 967 $m1 977 $a 52 996 $aVerona illustrata$91389707 997 $aUNICAS LEADER 00984nam--2200361---450- 001 990001460000203316 005 20050419135758.0 035 $a000146000 035 $aUSA01000146000 035 $a(ALEPH)000146000USA01 035 $a000146000 100 $a20040227d1960----km-y0itay0103----ba 101 0 $aita 102 $aIT 105 $a||||||||001yy 200 1 $aPensaci, uomo$fPiero Caleffi e Albe Steiner 210 $aMilano$cFeltrinelli$d1960 215 $a176 p.$d18 cm 410 0$12001 454 1$12001 461 1$1001-------$12001 700 1$aCALEFFI,$bPiero$0125454 701 1$aSTEINER,$bAlbe$0172039 801 0$aIT$bsalbc$gISBD 912 $a990001460000203316 951 $aII.5. 1593(III F 35)$b9999 L.M.$cIII F 959 $aBK 969 $aUMA 979 $aSIAV6$b10$c20040227$lUSA01$h1307 979 $aPATRY$b90$c20040406$lUSA01$h1742 979 $aCOPAT3$b90$c20050419$lUSA01$h1357 996 $aPensaci, uomo$9936735 997 $aUNISA